000 00489nam a2200169Ia 4500
003 GCL
008 140319s9999 xx 000 0 ara d
040 _aGCL /
_cGCL
082 0 4 _a819.9
_bع م
100 1 _aعباس محمود العقاد
245 1 0 _aالمرأة فى القران /
_cعباس محمود العقاد
490 _a
650 0 4 _aحقوق المرأة
650 0 4 _aالمرأة فى القران
650 0 4 _aالمرأة فى المجتمع
942 _2ddc
_cBK
999 _c42922
_d42922